Zypern. Südosteuropa-Handbuch Bd. VIII (Record no. 3880)

MARC details
000 -LEADER
fixed length control field 00462nam a22001937i 4500
001 - CONTROL NUMBER
control field 3945
003 - CONTROL NUMBER IDENTIFIER
control field OSt
005 - DATE AND TIME OF LATEST TRANSACTION
control field 20170126082325.0
007 - PHYSICAL DESCRIPTION FIXED FIELD--GENERAL INFORMATION
fixed length control field tu
008 - FIXED-LENGTH DATA ELEMENTS--GENERAL INFORMATION
fixed length control field 161220s1998 xxu||||| |||| 00| 0 d
024 7# - OTHER STANDARD IDENTIFIER
Standard number or code 3944
Source of number or code RID
040 ## - CATALOGING SOURCE
Transcribing agency OSt
100 1# - MAIN ENTRY--PERSONAL NAME
Personal name Grothusen, Klaus-Detlev
Relator term Ed.
245 00 - TITLE STATEMENT
Title Zypern. Südosteuropa-Handbuch Bd. VIII
260 ## - PUBLICATION, DISTRIBUTION, ETC.
Place of publication, distribution, etc. Göttingen,
Date of publication, distribution, etc. 1998.
300 ## - PHYSICAL DESCRIPTION
Extent 967 S. :
Other physical details Karte ;
Dimensions 21cm.
490 ## - SERIES STATEMENT
Series statement Südosteuropa-Handbuch
Volume/sequential designation 8
651 ## - SUBJECT ADDED ENTRY--GEOGRAPHIC NAME
Geographic name Cyprus
942 ## - ADDED ENTRY ELEMENTS (KOHA)
Koha item type Book
Holdings
Withdrawn status Lost status Damaged status Not for loan Home library Current library Shelving location Date acquired Inventory number Total Checkouts Full call number Barcode Date last seen Price effective from Koha item type
        WIIW WIIW Souterrain 07/21/1998 3945   I-839/VIII 303943 01/26/2017 01/26/2017 Book
The Vienna Instiute for International Economic Studies (wiiw)